Wymień wszystkie kluby piłkarskie, które zdobyły potrójną koronę. - Statystyki

Ogólne statystyki
  • Ten quiz został rozwiązany 45 razy
  • Średni wynik to 5 z 8
Statystyki odpowiedzi
Ilość Sezon Klub % Poprawnych
2 2012/13, 2019/20 Bayern Monachium
92%
2 2008/09,2014/15 FC Barcelona
92%
1 2022/23 Manchester City
87%
1 2009/10 Inter Mediolan
74%
1 1998/99 Manchester United
64%
1 1971/72 Ajax Amsterdam
49%
1 1966/67 Celtic Glasgow
36%
1 1987/88 PSV Eindhoven
33%
Nie znaleziono quizów pasujących do podanych kryteriów
Rozkład punktacji
Procent ludzi z każdym wynikiem
Percentyl według liczby udzielonych odpowiedzi
Twoja historia wyników
Nie rozwiązałeś tego quizu